banner-ar

كتاب الآنس 1 - مع الظرفاء العرب 2 - مع الظرفاء الفرنسين 3 - مع الظرفاء الأنكلوسكون / (Record no. 43820)

MARC details
000 -الفاتح
حقل البيانات ثابتة الطول 00742nam a2200193Ia 4500
008 - عناصر البيانات ثابتة الطول - معلومات عامة
حقل البيانات ثابتة الطول 140319s9999 xx 000 0 ara d
040 ## - مصدر الفهرسة
وكالة الفهرسة الأصلية GCL /
وكالة النسخ GCL
082 04 - رقم تصنيف ديوى العشرى
رقم التصنيف 808.87
رقم المادة س ك
100 1# - المدخل الرئيسى - إسم شخصى
الإسم الشخصى سمير شيخانى
245 10 - بيان العنوان
العنوان كتاب الآنس 1 - مع الظرفاء العرب 2 - مع الظرفاء الفرنسين 3 - مع الظرفاء الأنكلوسكون /
بيان المسئوليه,etc سمير شيخانى
490 ## - بيان السلسلة
عنوان السلسلة 100 قصة
رقم المجلد/ التعيين التسلسلي 0
650 04 - المدخل الاضافى بالموضوع-مصطلح موضوعى
مصطلح موضوعي النوادرالعربية
650 04 - المدخل الاضافى بالموضوع-مصطلح موضوعى
مصطلح موضوعي ابن الرومى
650 04 - المدخل الاضافى بالموضوع-مصطلح موضوعى
مصطلح موضوعي النوادر الفرنسية
650 04 - المدخل الاضافى بالموضوع-مصطلح موضوعى
مصطلح موضوعي الادب الشعبى - العالم العربى
650 04 - المدخل الاضافى بالموضوع-مصطلح موضوعى
مصطلح موضوعي الجاحظ ،ابى عثمان عمرو بن بحر بن محبوب
942 ## - عناصر المدخل الإضافي( كوها)
مصدر التصنيف او مخطط الترفيف Dewey Decimal Classification
Koha [default] item type كتاب
Holdings
حالة التراجع حالة الفقد حالة تلف ليس للاعارة المكان المؤقت الموقع الحالى تاريخ الاكتساب اجمالي اﻻعارات رقم الطلب الباركود تاريخ اخر مشاهدة تاريخ تفعيل السعر نوع وعاء كوها
        مكتبة القاهرة الكبرى مكتبة القاهرة الكبرى 03/26/2014   808.87\س ك 106201 03/26/2014 03/26/2014 كتاب
        مكتبة القاهرة الكبرى مكتبة القاهرة الكبرى 03/26/2014   808.87\س ك 106202 03/26/2014 03/26/2014 كتاب
        مكتبة القاهرة الكبرى مكتبة القاهرة الكبرى 03/26/2014   808.87\س ك 106203 03/26/2014 03/26/2014 كتاب

Powered By

EGPV